Statistiques concernant Coupe du Monde Féminine de la FIFA - Palmarès

Cliquez ici pour prendre le quiz!

Statistiques générales

  • Ce quiz a été pris 134 fois
  • Le résultat moyen est 9 sur 10

Statistiques - réponses

Réponse% Correct
Etats-Unis
100%
France
95%
Allemagne
94%
Japon
88%
Suède
86%
Brésil
84%
Angleterre
83%
Norvège
81%
Canada
78%
Chine
71%

Distribution des résultats

Percentile par nombre de réponses

% des personnes avec chaque résultat

Votre développement - résultats

Vous n’avez pas pris ce quiz